000 00608cam a2200205 a 4500
001 000018927
005 20200929165902.0
008 910411nuuuuuuuufr 001 0 fre d
040 _aDO-SdBNP
_bfre
_cLC
_dBNPHU
050 0 0 _a4N 322
082 _ann*
_bnn*
100 1 _aDieulafoy, Marcel Auguste,
_d1844-1920.
_940735
245 1 0 _aEspagne et Portugal /
_cMarcel Dieulafoy.
260 _aParis :
_bLibrairie Hachette,
_c[19??].
300 _a415 p.
490 1 _aHistoire Générale De L´art
830 0 _aHistoire Générale De L´art
_940736
910 _aCatalogación derivada / LC
049 _aBNGR
999 _c18445
_d18445